banner koha

Dermatite piogranulomatosa ulcerativa em bovino por Corynebacterium pseudotuberculosis (Registro n. 300398)

MARC details
000 -LÍDER
fixed length control field 04509nab a2200361 i 4500
003 - CÓDIGO MARC DA AGÊNCIA CATALOGADORA
Campo de controle BR-BrBNA
005 - DATA E HORA DA ÚLTIMA ATUALIZAÇÃO
Campo de controle 20240704121557.0
008 - CAMPO DE TAMANHO FIXO
fixed length control field 240704b2017 bl.|r|pooa||| 00| 0 por |
040 ## - FONTE DA CATALOGAÇÃO
Agência catalogadora BR-BrBNA
Idioma da catalogação por
072 ## - CATEGORIA AGRIS
Código AGRIS L73
Código do objeto 5212
072 ## - CATEGORIA AGRIS
Código AGRIS L70
100 ## - ENTRADA PRINCIPAL - NOME PESSOAL
Nome pessoal Soares, G.S.L.
100 ## - ENTRADA PRINCIPAL - NOME PESSOAL
Nome pessoal Silva, L.C.A.
100 ## - ENTRADA PRINCIPAL - NOME PESSOAL
Nome pessoal Batista, J.A.
100 ## - ENTRADA PRINCIPAL - NOME PESSOAL
Nome pessoal Maia, L.A.
100 ## - ENTRADA PRINCIPAL - NOME PESSOAL
Nome pessoal Simões, S.V.D.
100 ## - ENTRADA PRINCIPAL - NOME PESSOAL
Nome pessoal Miranda Neto, E.G.
245 ## - TÍTULO PRINCIPAL
Título principal Dermatite piogranulomatosa ulcerativa em bovino por Corynebacterium pseudotuberculosis
500 ## - NOTA GERAL
Nota geral Publicação online; 11 ref.; 3 illus.; Summaries (En, Pt)
942 ## - ADDED ENTRY ELEMENTS (KOHA)
Koha item type
520 ## - NOTA DE RESUMO
Nota de conteúdo <br/><br/>RESUMO - Relata-se um caso de lesão cutânea secundária à infecção por Corynebacterium pseudotuberculosis em bovino. Abscessos e múltiplas lesões cutâneas nodulares, variando de 8x10 para 20x25cm de diâmetro, firmes, sensíveis ao toque e sem mobilidade, algumas com superfície ulcerada, circundada por halo avermelhado e drenando secreção piossanguinolenta, e outras com superfícies alopécicas, foram identificados na região torácica lateral do animal. Exames histopatológicos e o isolamento do agente de fragmentos obtidos após remoção cirúrgica das lesões confirmaram tratar-se da forma cutânea da infecção pelo C. pseudotuberculosis. As lesões microscópicas caracterizaram-se por dermatite nodular piogranulomatosa e ulcerativa. A avaliação da susceptibilidade in vitro do C. pseudotuberculosis a antimicrobianos demonstrou que o agente era resistente à amicacina, kanamicina, neomicina e penicilina G, apresentando sensibilidade à ampicilina adicionada de subactam, amoxicilia com ácido clavulônico, cefalexina, cefalotina, cefotaxima, enrofloxacina, gentamicina e tetraciclina. A retirada cirúrgica das lesões e o tratamento com enrofloxacina resultaram na cura do animal. Lesões de pele observadas em casos de ptiose, carcinoma de células escamosas e na forma atípica da actinobacilose devem ser consideradas no diagnóstico diferencial da forma cutânea da infecção por C. pseudotuberculosis em bovinos. Os dados apresentados demonstram que a infecção pelo C. pseudotuberculosis deve ser considerada no diagnóstico diferencial das lesões de pele em bovinos no Brasil.<br/><br/><br/>Palavras-chaves: dermatopatias, ruminantes, lesões piogranulomatosas
520 ## - NOTA DE RESUMO
Nota de conteúdo <br/><br/>ABSTRACT - We report a case of secondary skin lesionby infection with Corynebacterium pseudotuberculosis in bovine. Abscesses and multiple nodular lesions, ranging from 8x10 to 20x25 cm in diameter, firm, sensitive to touch, and without mobility, some with ulcerated surface, surrounded by reddish halo and draining piosanguinolenta secretion, and other surfaces with alopecia, were identified in the skin of the animal`s thoracic area. Histopathology and isolation of the agent from fragments obtained after surgical removal of the lesions confirmed the cutaneous infection by C. pseudotuberculosis. Microscopic lesions were characterized by lumpy skin disease and ulcerative pyogranulomatous. Evaluation of in vitro susceptibility to antimicrobial demonstrated that the agent was resistant to amikacin, kanamycin, neomycin and penicillin G, and sensitive to ampicillin + subactam, amoxicilia with clavulonic acid, cephalexin, cephalothin, cefotaxime, enrofloxacin, gentamicin, and tetracycline. The surgical removal of the lesions, and treatment with enrofloxacin resulted in animal cure. Skin lesions observed in case of ptiose, squamous cell carcinoma and atypical form of Actinobacillosis should be considered in the differential diagnosis of cutaneous form of C. pseudotuberculosis infection in cattle. The data presented demonstrate that infection with C. pseudotuberculosis should be considered in the differential diagnosis of skin lesions in cattle in Brazil.<br/><br/><br/>Keywords: skin diseases, ruminants, piogranulomatosas injuries
650 ## - ASSUNTO - THESAGRO
Cabeçalho tópico ou nome geográfico BOVINO
650 ## - ASSUNTO - THESAGRO
Cabeçalho tópico ou nome geográfico DOENÇA ANIMAL
650 ## - ASSUNTO - THESAGRO
Cabeçalho tópico ou nome geográfico DERMATITE
650 ## - ASSUNTO - THESAGRO
Cabeçalho tópico ou nome geográfico LESÃO CUTÂNEA
650 ## - ASSUNTO - THESAGRO
Cabeçalho tópico ou nome geográfico ANTIBIÓTICO
650 ## - ASSUNTO - THESAGRO
Cabeçalho tópico ou nome geográfico LEVANTAMENTO FITOSSANITÁRIO
650 ## - ASSUNTO - THESAGRO
Cabeçalho tópico ou nome geográfico DEFESA ANIMAL
773 0# - ENTRADA ANALÍTICA
Host Biblionumber 1643
Registro do item 316242
Imprenta Belo Horizonte-MG Universidade Federal de Minas Gerais - Escola de Veterinaria 1983
Outro identificador 2024-2643
Título Arquivo Brasileiro de Medicina Veterinária e Zootecnia (Brazil)
ISSN 0102-0935
Colação v. 69(4) p. 860-864. (2017)
Número de controle de registro BR2024001647
856 ## - ACESSO E ENDEREÇO ELETRÔNICO
Identificador uniforme de recurso - URI https://www.scielo.br/j/abmvz/a/3yDbSBdzjckYHNyxqqQQNGm/?format=pdf&lang=pt

Nenhum exemplar disponível.

BINAGRI

Telefone: (61)3218-2567/2388/3357/2097 - binagri@agro.gov.br

Ministério da Agricultura e Pecuária , Esplanada dos Ministérios, Bloco D, Anexo B, Brasília/DF, CEP: 70.043-900